|
|
|
|
| LEADER |
00000nab a2200000 a 4500 |
| 001 |
vtls000764293 |
| 003 |
SK-MaSNL |
| 005 |
20260302153146.0 |
| 008 |
140301c2001 xo 0 slo |
| 015 |
|
|
|a SNBRB2001/08-22717
|
| 035 |
|
|
|a CLN000116080
|
| 040 |
|
|
|a SNKBUCL
|b slo
|c SNKBUCL
|e AACR2
|
| 041 |
0 |
|
|a slo
|
| 044 |
|
|
|a xo
|c SK
|
| 080 |
|
|
|a 629.113:061.5(437.6)
|2 1997
|
| 100 |
1 |
|
|a Podstupka, Ivan
|4 ain
|9 275288
|
| 245 |
1 |
0 |
|a Volkswagen sa už stal slovenskou národnou značkou
|b o decéniu závodu VW v Bratislave hovoríme s členom Predstavenstva VW Slovakia, a.s., Jozefom Uhríkom
|c [zhováral sa] Ivan Podstupka
|
| 300 |
|
|
|b Fotogr.
|
| 610 |
|
7 |
|a Volkswagen Slovakia (Bratislava, Slovensko)
|2 snkbucl
|9 254851
|
| 655 |
|
7 |
|a články z novín a časopisov
|2 snkbucl
|9 267496
|
| 700 |
1 |
|
|a Uhrík, Jozef,
|d 1939-
|4 aut
|9 121671
|
| 773 |
0 |
|
|t Hospodárske noviny
|g Roč. 9, č. 111 (11.6.2001), s. 6
|x 1335-4701
|
| 850 |
|
|
|a Slovenská národná knižnica v Martine
|
| 852 |
|
|
|a SNK
|b KIS3GCP
|
| 958 |
|
|
|a SK
|
| 992 |
|
|
|a RBX
|
| 999 |
|
|
|c 1364584
|d 1366514
|